Statistics for My first Liverpool quiz

Click here to take the quiz!

General Stats

  • This quiz has been taken 26 times
  • The average score is 3 of 8

Answer Stats

AnagramAnswer% Correct
Grant ReservedSteven Gerrard
60%
Ha RuinsIan Rush
50%
Whale IncomeMichael Owen
50%
Madam Ham HolesMohammed Salah
50%
Iron Timber RoofRoberto Firmino
35%
TV mans name cameSteve McMannaman
25%
Rejects A MoanJason Mcateer
5%
Aid A FoilsSalif Diao
5%

Score Distribution

Percentile by Number Answered

Percent of People with Each Score

Your Score History

You have not taken this quiz